[Event "Stay Safe Play From Home 281"]
[Site "Emanuel Lasker Arena"]
[Date "2020.07.06"]
[Round "9"]
[White "Scorpio New"]
[Black "Haxhi Baha"]
[Result "1-0"]
[WhiteElo "2100"]
[BlackElo "2065"]
[PlyCount "109"]
[EventDate "2020.07.06"]
[EventType "swiss (blitz)"]

1. d3 {[%emt 0:00:03]} d5 {[%emt 0:00:01]} 2. Nd2 {[%emt 0:00:00]} e5 {[%emt 0:00:01]} 3. c3 {[%emt 0:00:00]} c5 {[%emt 0:00:01]} 4. Qc2 {[%emt 0:00:00]} Nc6 {[%emt 0:00:00]} 5. e4 {[%emt 0:00:00]} Be6 {[%emt 0:00:01]} 6. g3 {[%emt 0:00:00]} Nf6 {[%emt 0:00:01]} 7. Ngf3 {[%emt 0:00:01]} Qd7 {[%emt 0:00:00]} 8. h4 {[%emt 0:00:02]} h6 {[%emt 0:00:01]} 9. Bg2 {[%emt 0:00:00]} O-O-O {[%emt 0:00:01]} 10. a4 {[%emt 0:00:02]} Be7 {[%emt 0:00:02]} 11. O-O {[%emt 0:00:01]} Bh3 {[%emt 0:00:02]} 12. Nh2 {[%emt 0:00:02]} Bxg2 {[%emt 0:00:01]} 13. Kxg2 {[%emt 0:00:00]} g5 {[%emt 0:00:02]} 14. Ndf3 {[%emt 0:00:02]} g4 {[%emt 0:00:02]} 15. Nd2 {[%emt 0:00:01]} dxe4 {[%emt 0:00:01]} 16. dxe4 {[%emt 0:00:02]} Nh5 {[%emt 0:00:03]} 17. Nc4 {[%emt 0:00:04]} Qd3 {[%emt 0:00:02]} 18. Qxd3 {[%emt 0:00:01]} Rxd3 {[%emt 0:00:01]} 19. Nxg4 {[%emt 0:00:05]} Rg8 {[%emt 0:00:01]} 20. Ngxe5 {[%emt 0:00:02]} Nxe5 {[%emt 0:00:02]} 21. Nxe5 {[%emt 0:00:00]} Bd6 {[%emt 0:00:01]} 22. Nxd3 {[%emt 0:00:01]} c4 {[%emt 0:00:02]} 23. e5 {[%emt 0:00:03]} Bc7 {[%emt 0:00:02]} 24. Nb4 {[%emt 0:00:02]} Bxe5 {[%emt 0:00:01]} 25. Be3 {[%emt 0:00:01]} Bxg3 {[%emt 0:00:02]} 26. fxg3 {[%emt 0:00:02]} Rxg3+ {[%emt 0:00:01]} 27. Kf2 {[%emt 0:00:01]} Rh3 {[%emt 0:00:01]} 28. Rg1 {[%emt 0:00:02]} Nf6 {[%emt 0:00:03]} 29. Rad1 {[%emt 0:00:04]} h5 {[%emt 0:00:02]} 30. Bf4 {[%emt 0:00:02]} Ng4+ {[%emt 0:00:04]} 31. Ke2 {[%emt 0:00:01]} Rxh4 {[%emt 0:00:01]} 32. Bg5 {[%emt 0:00:02]} Rh2+ {[%emt 0:00:02]} 33. Kf3 {[%emt 0:00:01]} f6 {[%emt 0:00:01]} 34. Ke4 {[%emt 0:00:01]} fxg5 {[%emt 0:00:01]} 35. Nd5 {[%emt 0:00:00]} Nf2+ {[%emt 0:00:04]} 36. Kf5 {[%emt 0:00:00]} Nxd1 {[%emt 0:00:01]} 37. Rxd1 {[%emt 0:00:02]} Rf2+ {[%emt 0:00:00]} 38. Ke6 {[%emt 0:00:01]} g4 {[%emt 0:00:01]} 39. Kd6 {[%emt 0:00:00]} b6 {[%emt 0:00:01]} 40. Re1 {[%emt 0:00:01]} Kb7 {[%emt 0:00:00]} 41. Re7+ {[%emt 0:00:01]} Ka6 {[%emt 0:00:00]} 42. Rh7 {[%emt 0:00:00]} Ka5 {[%emt 0:00:00]} 43. Nc7 {[%emt 0:00:00]} Kxa4 {[%emt 0:00:00]} 44. Nd5 {[%emt 0:00:00]} Kb3 {[%emt 0:00:00]} 45. Rxa7 {[%emt 0:00:00]} Rd2 {[%emt 0:00:00]} 46. Rb7 {[%emt 0:00:00]} Kc2 {[%emt 0:00:00]} 47. Rxb6 {[%emt 0:00:00]} g3 {[%emt 0:00:00]} 48. Rc6 {[%emt 0:00:00]} Rxd5+ {[%emt 0:00:00]} 49. Kxd5 {[%emt 0:00:01]} g2 {[%emt 0:00:00]} 50. Rg6 {[%emt 0:00:00]} h4 {[%emt 0:00:00]} 51. Rg4 {[%emt 0:00:00]} h3 {[%emt 0:00:00]} 52. Rg3 {[%emt 0:00:00]} Kb3 {[%emt 0:00:00]} 53. Rxh3 {[%emt 0:00:01]} g1=Q {[%emt 0:00:02]} 54. Rh5 {[%emt 0:00:00]} Qg2+ {[%emt 0:00:00]} 55. Kd6 {[%emt 0:00:01] Time (Lag: Av=0.92s, max=1.6s)} 1-0

[Event "Stay Safe Play From Home 281"]
[Site "Emanuel Lasker Arena"]
[Date "2020.07.06"]
[Round "9"]
[White "Robk"]
[Black "Grazie"]
[Result "1/2-1/2"]
[WhiteElo "1543"]
[BlackElo "1813"]
[Annotator "NA"]
[PlyCount "50"]
[EventDate "2020.07.06"]
[EventType "swiss (blitz)"]

1. e4 {[%emt 0:00:03]} e6 {[%emt 0:00:00]} 2. d4 {[%emt 0:00:01]} d5 {[%emt 0:00:00]} 3. e5 {[%emt 0:00:02]} a6 {[%emt 0:00:01]} 4. c3 {[%emt 0:00:01]} Nd7 {[%emt 0:00:00]} 5. Nf3 {[%emt 0:00:02]} c5 {[%emt 0:00:00]} 6. Bd3 {[%emt 0:00:02]} b5 {[%emt 0:00:00]} 7. dxc5 {[%emt 0:00:02]} Bb7 {[%emt 0:00:00]} 8. O-O {[%emt 0:00:02]} Nxc5 {[%emt 0:00:01]} 9. Bc2 {[%emt 0:00:02]} Qc7 {[%emt 0:00:01]} 10. Be3 {[%emt 0:00:03]} g6 {[%emt 0:00:01]} 11. Nbd2 {[%emt 0:00:03]} Bg7 {[%emt 0:00:01]} 12. Nb3 {[%emt 0:00:01]} Nxb3 {[%emt 0:00:01]} 13. axb3 {[%emt 0:00:02]} Ne7 {[%emt 0:00:00]} 14. b4 {[%emt 0:00:01]} Nc6 {[%emt 0:00:02]} 15. Bd4 {[%emt 0:00:00]} Nxe5 {[%emt 0:00:02]} 16. Nxe5 {[%emt 0:00:02]} Bxe5 {[%emt 0:00:01]} 17. Re1 {[%emt 0:00:01]} Bxd4 {[%emt 0:00:01]} 18. Qxd4 {[%emt 0:00:01]} O-O {[%emt 0:00:01]} 19. h4 {[%emt 0:00:03]} Qc4 {[%emt 0:00:01]} 20. Qf6 {[%emt 0:00:02]} Rad8 {[%emt 0:00:07]} 21. h5 {[%emt 0:00:01]} gxh5 {[%emt 0:00:02]} 22. Qg5+ {[%emt 0:00:03]} Kh8 {[%emt 0:00:01]} 23. Qf6+ {[%emt 0:00:01]} Kg8 {[%emt 0:00:01]} 24. Qg5+ {[%emt 0:00:01]} Kh8 {[%emt 0:00:00]} 25. Qf6+ {[%emt 0:00:01]} Kg8 {[%emt 0:00:00] (Lag: Av=0.53s, max=0.7s)} 1/2-1/2

[Event "Stay Safe Play From Home 281"]
[Site "Emanuel Lasker Arena"]
[Date "2020.07.06"]
[Round "9"]
[White "Klasman"]
[Black "SoulofWolf"]
[Result "0-1"]
[WhiteElo "1421"]
[BlackElo "2159"]
[PlyCount "36"]
[EventDate "2020.07.06"]
[EventType "swiss (blitz)"]

1. f4 {[%emt 0:00:02]} Nc6 {[%emt 0:00:00]} 2. e4 {[%emt 0:00:01]} e6 {[%emt 0:00:00]} 3. d4 {[%emt 0:00:01]} d5 {[%emt 0:00:00]} 4. e5 {[%emt 0:00:01]} Nge7 {[%emt 0:00:01]} 5. g4 {[%emt 0:00:02]} Ng6 {[%emt 0:00:01]} 6. Nf3 {[%emt 0:00:01]} Be7 {[%emt 0:00:00]} 7. Bd3 {[%emt 0:00:01]} Bh4+ {[%emt 0:00:01]} 8. Ke2 {[%emt 0:00:02]} O-O {[%emt 0:00:01]} 9. f5 {[%emt 0:00:07]} exf5 {[%emt 0:00:01]} 10. gxf5 {[%emt 0:00:01]} Nh8 {[%emt 0:00:03]} 11. Rg1 {[%emt 0:00:03]} g5 {[%emt 0:00:03]} 12. Nxg5 {[%emt 0:00:09]} Bxg5 {[%emt 0:00:02]} 13. h4 {[%emt 0:00:02]} f6 {[%emt 0:00:02]} 14. hxg5 {[%emt 0:00:11]} fxe5 {[%emt 0:00:01]} 15. dxe5 {[%emt 0:00:06]} Nxe5 {[%emt 0:00:01]} 16. g6 {[%emt 0:00:03]} Bxf5 {[%emt 0:00:06]} 17. Bxf5 {[%emt 0:00:03]} Rxf5 {[%emt 0:00:01]} 18. gxh7+ {[%emt 0:00:02]} Kxh7 {[%emt 0:00:01] Time (Lag: Av=0.34s, max=0.5s)} 0-1

[Event "Stay Safe Play From Home 281"]
[Site "Emanuel Lasker Arena"]
[Date "2020.07.06"]
[Round "9"]
[White "Mandy"]
[Black "NeatFox"]
[Result "0-1"]
[WhiteElo "921"]
[BlackElo "1923"]
[PlyCount "44"]
[EventDate "2020.07.06"]
[EventType "swiss (blitz)"]

1. d4 {[%emt 0:00:02]} c6 {[%emt 0:00:00]} 2. Bf4 {[%emt 0:00:01]} d5 {[%emt 0:00:00]} 3. e3 {[%emt 0:00:01]} Nf6 {[%emt 0:00:01]} 4. Nf3 {[%emt 0:00:01]} g6 {[%emt 0:00:03]} 5. h3 {[%emt 0:00:01]} Bg7 {[%emt 0:00:00]} 6. Bd3 {[%emt 0:00:01]} O-O {[%emt 0:00:00]} 7. c3 {[%emt 0:00:01]} Be6 {[%emt 0:00:03]} 8. Nbd2 {[%emt 0:00:01]} Nbd7 {[%emt 0:00:00]} 9. O-O {[%emt 0:00:01]} b6 {[%emt 0:00:02]} 10. Qc2 {[%emt 0:00:01]} c5 {[%emt 0:00:00]} 11. Rad1 {[%emt 0:00:02]} cxd4 {[%emt 0:00:00]} 12. cxd4 {[%emt 0:00:04]} Rc8 {[%emt 0:00:00]} 13. Qb1 {[%emt 0:00:04]} Nb8 {[%emt 0:00:01]} 14. Ne5 {[%emt 0:00:04]} Nc6 {[%emt 0:00:02]} 15. g3 {[%emt 0:00:07]} Nxe5 {[%emt 0:00:01]} 16. Bxe5 {[%emt 0:00:03]} Nd7 {[%emt 0:00:00]} 17. Bxg7 {[%emt 0:00:02]} Kxg7 {[%emt 0:00:00]} 18. e4 {[%emt 0:00:04]} dxe4 {[%emt 0:00:01]} 19. Nxe4 {[%emt 0:00:02]} Nf6 {[%emt 0:00:00]} 20. Ng5 {[%emt 0:00:05]} Bc4 {[%emt 0:00:03]} 21. Bc2 {[%emt 0:00:04]} Qc7 {[%emt 0:00:03]} 22. b3 {[%emt 0:00:02]} Bd5 {[%emt 0:00:04] Zeit (Lag: Av=0.46s, max=0.6s)} 0-1